| 000 | 00000nas 2200000zi 4500 |
| 001 | 9.913115 |
| 003 | CaOODSP |
| 005 | 20230907083931 |
| 006 | m o d f |
| 007 | cr ||||||||||| |
| 008 | 220707d20072012oncar p o f0###b0fre|d |
| 022 | |a2816-6574 |
| 040 | |aCaOODSP|bfre|erda|cCaOODSP |
| 041 | |afre|aeng |
| 043 | |an-cn--- |
| 086 | 1 |aNS1-41/1-PDF |
| 110 | 2 |aConseil de recherches en sciences naturelles et en génie du Canada.|eauteur, |eorganisme de publication. |
| 222 | 0|aAnnual report. Access to Information Act |b(Natural Sciences and Engineering Research Council of Canada) |
| 245 | 10|aAnnual report ... = |pAccess to Information Act / |cNatural Sciences and Engineering Research Council = Rapport annuel. Loi sur l'accès à l'information / Conseil de recherches en sciences naturelles et en génie. |
| 246 | 11|aRapport annuel. |bLoi sur l'accès à l'information |
| 246 | 10|aAccess to Information Act |
| 264 | 1|a[Ottawa] : |bConseil de recherches en sciences naturelles et en génie du Canada, |c[2007-2012] |
| 310 | |aAnnuel |
| 336 | |atexte|btxt|2rdacontent/fre |
| 337 | |ainformatique|bc|2rdamedia/fre |
| 338 | |aressource en ligne|bcr|2rdacarrier/fre |
| 362 | 1 |aParaît depuis : du 1er avril 2006 au 31 mars 2007; ne paraît plus après du 1er avril 2011 au 31 mars 2012. |
| 546 | |aTexte en français et en anglais sur deux colonnes. |
| 588 | |aDescription d'après : du 1er avril 2006 au 31 mars 2007. |
| 588 | |aDernière livraison consultée : du 1er avril 2011 au 31 mars 2012. |
| 610 | 26|aConseil de recherches en sciences naturelles et en génie du Canada |vPériodiques. |
| 610 | 16|aCanada. |tLoi sur l'accès à l'information|vPériodiques. |
| 650 | 6|aInformation sur l'État|zCanada|vPériodiques. |
| 650 | 6|aLiberté d'information|zCanada|vPériodiques. |
| 655 | 7|aPériodiques|2rvmgf |
| 785 | 00|tRapport annuel de ... du Conseil de recherches en sciences naturelles et en génie du Canada (CRSNG) concernant la Loi sur l'accès à l'information.|w(CaOODSP)9.912614 |
| 791 | |tAnnual report. |eeng|w(CaOODSP)9.913114 |